• 首页
  • 本馆介绍
  • 公告通知
  • 最新文献
  • 馆藏检索
  • 电子资源
  • 读者导购
  • 参考咨询
  • 我的图书馆
  • 登录
  • 详细信息显示
  • 放入我的书架
  • 预约/预借图书
  • 作者相关作品
  • 分类相关作品
  • 丛书相关作品
  • 出版社相关作品

书目信息

  • 表格格式
  • 工作单格式
  • 卡片格式
题名:
新世纪机遇期与中国国际战略
    
 
作者: 陈佩尧 , 夏立平 主编
分册:  
出版信息: 北京   时事出版社  2004
页数: 437页
开本: 21cm
丛书名: 专家纵论
单 册:
中图分类: D81-53
科图分类:
主题词: 国际关系--学术会议--文集 , 中国对外政策--学术会议--文集
电子资源:
ISBN: 7-80009-832-X
000 01442nam0 2200361 450
000 01405nam0 2200349 450
000 01431nam0 2200373 450
000 01377nam0 2200349 450
000 01373nam0 2200337 450
000 01336nam0 2200325 45
001 TS-117632
005 20070111170618.34
010    @a7-80009-832-X@dCNY28.80
100    @a20060829d2004 kemy0chiy0110 ea
101 0  @achi
102    @aCN@b110000
105    @aa z 000yy
200 1  @a新世纪机遇期与中国国际战略@AXin Shi Ji Ji Yu Qi Yu Zhong Guo Guo Ji Zhan Lue@f陈佩尧,夏立平主编@FChen Pei Yao, Xia Li Ping Zhu Bian
210    @a北京@c时事出版社@d2004
215    @a437页@c彩照@d21cm
225 2  @a专家纵论
330    @a本书汇编了上海国际战略问题研究会2003年年会的部分论文,包括《加强软国力建设是中国和平发展的战略选择》、《论中国国际战略中的新安全观》、《朝鲜半岛局势及发展趋势》、《论21世纪中美日三边关系》等。
410  0 @12001 @a专家纵论
510 1  @aThe Strategic Opportunity in the New Century and China's International Strategy@zeng
606 0  @a国际关系@x学术会议@x文集
606 0  @a中国对外政策@x学术会议@x文集
690    @aD81-53@v4
701  0 @a陈佩尧@AChen Pei Yao@f(1938.4~)@4主编
701  0 @a夏立平@AXia Li Ping@c(研究员)@4主编
801  0 @aCN@b中图数据@c20070111
905    @a10447@dD81-53@e84
    
    新世纪机遇期与中国国际战略/陈佩尧,夏立平主编.-北京:时事出版社,2004
    437页:彩照;21cm.-(专家纵论)
    
    
    ISBN 7-80009-832-X:CNY28.80
    本书汇编了上海国际战略问题研究会2003年年会的部分论文,包括《加强软国力建设是中国和平发展的战略选择》、《论中国国际战略中的新安全观》、《朝鲜半岛局势及发展趋势》、《论21世纪中美日三边关系》等。
●
相关链接 在E读中查询图书 在五车中查询图书 在当当中查询图书 在豆瓣中查询图书


正题名:新世纪机遇期与中国国际战略     索取号:D81-53/84         预约/预借

序号 登录号 条形码 馆藏地/架位号 状态 备注
1 0609145   206091450   第一样本阅览室/ [索取号:D81-53/84] 在馆    
2 0609146   206091469   第一借阅区/ [索取号:D81-53/84] 在馆    
3 0609147   206091478   第一借阅区/ [索取号:D81-53/84] 在馆    
唐山师范学院图书馆 欢迎您!
大连网信软件有限公司© 版权所有